=LDR 00000nam 2200000 4500 =001 INLIS000000000017783 =005 20130612113011 =008 ***********************************Ind** =035 ##$$a0010-061300000017783 =041 ##$$a Ind =082 ##$$a 657.45 =090 ##$$a 657.45, Mul a =100 ##$$a Mulyadi =245 ##$$a Auditing, Mulyadi =260 ##$$a 2002 $b Jakarta =300 ##$$a ...jil, 23 cm =650 ##$$a Auditing =850 ##$$a NBPNMAT =990 ##$$a 21196327/BPAP-NTB/2014 =990 ##$$a 21196328/BPAP-NTB/2014